000 00597nam a2200193 i 4500
001 79647
003 ES-MaACL
005 20230906174025.0
007 t|
008 041022s1961 sp ||||1| spa d
100 1 _aHerrera Garcia, Agustín.
_963219
245 1 0 _aPropiedad intelectual e industrial
_b: el derecho de los autores en el arte de Cinematografía /
_cAgustín Herrera García.
260 _aMadrid :
_b[s.n.,
_c1961]
300 _a15 p. ;
_c28 cm.
490 1 _aManuscritos
830 0 _aManuscritos
_9231446
852 _aES-MaACL
_j2026-F-28
_bR.48731
999 _c79647
_d79647